000
00268nam a22001097a 4500
082
_a
428.24HUT
100
_a
Hutchinson, Tom
245
_a
Interface: english for technical communication : students
260
_a
London
_b
Longman
_c
1984
300
_a
128p
942
_c
BK
999
_c
14948
_d
14948